LEADER 01371cam2-2200421---450 001 990001337530203316 005 20190702121526.0 035 $a000133753 035 $aUSA01000133753 035 $a(ALEPH)000133753USA01 035 $a000133753 100 $a20040108f---0---9km-y0itay50------ba 101 0 $agrc 102 $aDE 105 $ay|||z|||001yy 200 1 $aClaudii Ptolemaei opera quae exstant omnia 210 $aLipsiae$cin aedibus B. G. Teubneri 215 $avolumi$d21 cm 225 2 $aBibliotheca scriptorum Graecorum et Romanorum Teubneriana 300 $aTesto in greco 410 0$1001000291144$12001$aBibliotheca scriptorum Graecorum et Romanorum Teubneriana 517 1 $aOpera quae exstant omnia 676 $a888.01 700 1$aPTOLEMAEUS,$bClaudius$0190158 801 0$aIT$bsalbc$gISBD 912 $a990001337530203316 951 $aV.1. Coll. 25/ 56/(VIII A Coll. 46/)$bL.M.$cV.1. Coll. 959 $aBK 969 $aUMA 979 $aSIAV1$b10$c20040108$lUSA01$h1401 979 $aSIAV1$b10$c20040108$lUSA01$h1402 979 $aPATRY$b90$c20040406$lUSA01$h1735 979 $aANNAMARIA$b90$c20120430$lUSA01$h1117 979 $aANNAMARIA$b90$c20120508$lUSA01$h1122 979 $aANNAMARIA$b90$c20120508$lUSA01$h1123 979 $aCHIARA$b90$c20160205$lUSA01$h1011 996 $aApotelesmatica$913327 997 $aUNISA LEADER 01246nam a2200301 i 4500 001 991001751589707536 005 20020507151313.0 008 000207s1994 it ||| | ita 020 $a8815045945 035 $ab11558775-39ule_inst 035 $aLE02724417$9ExL 040 $aDip.to Studi Giuridici$bita 082 0 $a305.9354 084 $aAM-X/D 100 1 $aBelotti, Valerio$0116356 245 10$aCeto politico e dirigenza amministrativa nei comuni italiani /$cValerio Belotti e Marco Maraffi 260 $aBologna :$c1994 300 $a234 p. ;$c22 cm. 490 0 $aOrganizzazione e funzionamento della pubblica amministrazione ;$v43 500 $aIn appendice: Il disegno della ricerca e gli aspetti di metodo, Il questionario 650 4$aComune - Amministratori$xInchieste sociologiche 700 1 $aMaraffi, Marco$eauthor$4http://id.loc.gov/vocabulary/relators/aut$0116357 907 $a.b11558775$b01-03-17$c02-07-02 912 $a991001751589707536 945 $aLE027 AM-X/D 5$g1$i2027000205530$lle027$o-$pE0.00$q-$rl$s- $t0$u1$v0$w1$x0$y.i11760229$z02-07-02 996 $aCeto politico e dirigenza amministrativa nei comuni italiani$9633772 997 $aUNISALENTO 998 $ale027$b01-01-00$cm$da $e-$fita$git $h0$i1 LEADER 01628nas 2200565-a 450 001 996200125703316 005 20230215213018.0 035 $a(OCoLC)477203533 035 $a(CKB)1000000000800847 035 $a(CONSER)--2009243802 035 $a(DE-599)ZDB2590698-7 035 $a(EXLCZ)991000000000800847 100 $a20091116a20099999 --- - 101 0 $aeng 135 $aur||||||||||| 181 $ctxt$2rdacontent 182 $cc$2rdamedia 183 $acr$2rdacarrier 200 00$aEpidemiology and health 210 $aSeoul $cKorean Society of Epidemiology$dİ2009- 215 $a1 online resource 300 $aRefereed/Peer-reviewed 311 $a2092-7193 517 1 $aEpiH 531 $aEPIDEMIOL HEALTH 531 0 $aEpidemiol. health 606 $aEpidemiology$vPeriodicals 606 $aEpidemiology$xResearch$zKorea (South)$vPeriodicals 606 $aEpidemiology 606 $aEpidemiology$2fast$3(OCoLC)fst00914091 606 $aEpidemiology$xResearch$2fast$3(OCoLC)fst00914102 607 $aKorea 607 $aKorea (South) 607 $aKorea (South)$2fast 608 $aPeriodical. 608 $aFulltext. 608 $aInternet Resources. 608 $aPeriodicals. 608 $aPeriodicals.$2fast 610 $aEpidemiology & Epidemics 615 0$aEpidemiology 615 0$aEpidemiology$xResearch 615 12$aEpidemiology. 615 7$aEpidemiology. 615 7$aEpidemiology$xResearch. 712 02$aHan'guk Y?k Hakhoe. 906 $aJOURNAL 912 $a996200125703316 996 $aEpidemiology and health$92039894 997 $aUNISA